| 000 | 00368nam a2200133Ia 4500 | ||
|---|---|---|---|
| 008 | 230917s9999||||xx |||||||||||||| ||und|| | ||
| 040 |
_e91132 _aMAIN |
||
| 041 | _aEnglish | ||
| 082 | _a910.133 K139P | ||
| 100 | _aKanwar Singh | ||
| 245 | 0 | _aPhysical and economic structure of village Hamidpur district Mohindergarh (Haryana) 1984-85 | |
| 300 | _a30 p. | ||
| 942 | _cTH | ||
| 999 |
_c49453 _d49453 |
||